GDP growth in Dollar - Statistics

General Stats
  • This quiz has been taken 14 times
  • The average score is 11 of 20
Answer Stats
GDP Growth Country % Correct
1. 805 bn China
100%
4. 77 bn Germany
86%
3. 196 bn India
86%
2. 737 bn USA
86%
5. 73 bn Japan
71%
8. 50 bn Canada
57%
11. 41 bn France
57%
6. 53 bn Indonesia
57%
7. 52 bn Turkey
57%
17. 24 bn Mexico
50%
10. 46 bn South Korea
50%
13. 30 bn Australia
43%
14. 29 bn Italy
43%
16. 26 bn Netherlands
43%
19. 21 bn Philippines
43%
20 20 bn Poland
43%
12. 41 bn Spain
43%
18. 22 bn Malaysia
36%
15. 27 bn Russia
36%
9. 47 bn United Kingdom
36%
No matching quizzes found
Score Distribution
Percent of People with Each Score
Percentile by Number Answered
Your Score History
You have not taken this quiz